| 000 | 00789nam a22002535i 4500 | ||
|---|---|---|---|
| 001 | 11471 | ||
| 003 | ES-MaACL | ||
| 005 | 20250801100328.0 | ||
| 007 | t| | ||
| 008 | 921102s1992 sp ||||0| spa j | ||
| 020 | _a84-7100-604-9 | ||
| 040 |
_aM-BN _bspa _cM-BN |
||
| 080 | _a806.0-087(728/729) | ||
| 100 | 1 |
_aLópez Morales, Humberto. _973798 |
|
| 245 | 1 | 3 |
_aEl español del Caribe / _cHumberto López Morales. |
| 260 |
_aMadrid : _bMapfre, _c[1992] |
||
| 300 |
_a318 p : _bgráf ; _c23 cm. |
||
| 490 | 1 |
_aColección Idioma e Iberoamérica ; _v10 |
|
| 504 | _aBibliografía. | ||
| 650 | 1 | 4 |
_aLengua española- _zCaribe (Región) _914129 |
| 830 | 0 | 0 |
_aColección Idioma e Iberoamérica _v10 _9179112 |
| 852 |
_aES-MaACL _jL-18796 _bR.124187 |
||
| 999 |
_c11471 _d11471 |
||